00472nam a2200121Ia 45000010005000000080041000050820024000461000059000702450152001292600028002819010026003099990015003351262241024s9999 xx 000 0 und d aRD/796.4/R426i/2011 aRepública Dominicana.Ministerio de Educación INEFI 0aInforme de Actividades del Lunes 14 al viernes 18 de febrero año 2011 e informes de actividades del lunes 21 al viernes 25 de febrero año 2011. b[*SIN EDITORIAL*]c2011 a4/3/2011 3:42:33 p.m. c7927d7927